A guide for supervisors : employee assistance program, a counseling referral service for employees /

Bibliographic Details
Corporate Authors: Atlantic Richfield Co, National Institute on Drug Abuse
Format: Government Document Book
Language:English
Published: [Rockville, Md.] : U.S. Dept. of Health and Human Services, Public Health Service, Alcohol, Drug Abuse, and Mental Health Administration, National Institute on Drug Abuse, [1987?]
Subjects:

MARC

Tag First Indicator Second Indicator Subfields
LEADER 00000cam a2200000 a 4500
001 in00000860708
005 20151019102913.0
008 871201s1987 mdu f00010 eng d
010 |a gp 88009493  
035 |a (OCoLC)17187593 
035 |9 AEH1531AM 
040 |a OKX  |c OKX  |d GPO  |d UtOrBLW 
043 |a n-us--- 
050 0 |a 88009493 
074 |a 467-A-2 
086 0 |a HE 20.8208:Em 7/2 
110 2 |a Atlantic Richfield Co. 
245 1 2 |a A guide for supervisors :  |b employee assistance program, a counseling referral service for employees /  |c Atlantic Richfield Company. 
264 1 |a [Rockville, Md.] :  |b U.S. Dept. of Health and Human Services, Public Health Service, Alcohol, Drug Abuse, and Mental Health Administration, National Institute on Drug Abuse,  |c [1987?] 
300 |a 10 unnumbered pages ;  |c 22 cm. 
336 |a text  |b txt  |2 rdacontent 
337 |a unmediated  |b n  |2 rdamedia 
338 |a volume  |b nc  |2 rdacarrier 
500 |a Shipping list number: 87-251-P. 
610 2 0 |a Association of Labor-Management Administrators and Consultants on Alcoholism (U.S.) 
650 0 |a Employee assistance programs  |z United States. 
710 2 |a National Institute on Drug Abuse. 
740 0 |a Employee assistance program, a counseling referral service for employees. 
999 |a MARS 
999 f f |s 838ed385-bc74-3d72-ab65-33da6e9610b6  |i 6c3328a9-8405-3e07-b747-821f41793d29  |t 0 
952 f f |p normal  |a Texas A&M University  |b College Station  |c Sterling C. Evans Library  |d Evans: US Documents (Annex 5th floor)  |t 0  |e HE 20.8208:Em 7/2  |h Superintendent of Documents classification  |i unmediated -- volume  |m A14813233164 
998 f f |a HE 20.8208:Em 7/2  |t 0  |l Evans: US Documents (Annex 5th floor)